Informe semestral, enero a junio 1972

Tallennettuna:
Bibliografiset tiedot
Yhteisötekijä: Costa Rica. Ministerio de Obras Públicas y Transportes. Instituto Geográfico Nacional
Aineistotyyppi: Tuntematon
Julkaistu: San José: MOPT. IGN
Tagit: Lisää tagi
Ei tageja, Lisää ensimmäinen tagi!

MARC

LEADER 00000 a2200000 04500
001 15533
003
008 991231s d
040
090 |a 016506  
110 |a Costa Rica. Ministerio de Obras Públicas y Transportes. Instituto Geográfico Nacional  
245 |a Informe semestral, enero a junio 1972  
260 |a San José:   |b MOPT. IGN  
300 |a 104 p  
999 |c 15705  |d 15705